Alemania / (Record no. 155190)

MARC details
000 -LEADER
campo de control de longitud fija 00740nam a2200217 i 4500
001 - NÚMERO DE CONTROL
campo de control 155190
003 - IDENTIFICADOR DE NÚMERO DE CONTROL
campo de control ES-MaACL
005 - FECHA Y HORA DE LA ÚLTIMA TRANSACCIÓN
campo de control 20250815062643.0
008 - DATOS DE LONGITUD FIJA--INFORMACIÓN GENERAL
campo de control de longitud fija 010907q1900 sp |||| | spa d
080 ## - NÚMERO DE LA CLASIFICACIÓN DECIMAL UNIVERSAL
Número de la Clasificación Decimal Universal 001(43)
100 1# - ENTRADA PRINCIPAL--NOMBRE DE PERSONA
Nombre de persona Heine, Heinrich.
9 (RLIN) 62371
245 10 - MENCIÓN DEL TÍTULO
Título Alemania /
Mención de responsabilidad, etc. por Enrique Heine ; traducción de Luis de Terán.
260 ## - PUBLICACIÓN, DISTRIBUCIÓN, ETC.
Lugar de publicación, distribución, etc. Madrid :
Nombre del editor, distribuidor, etc. La España Moderna,
Fecha de publicación, distribución, etc. [1900] (
Fabricante Avrial imp.)
300 ## - DESCRIPCIÓN FÍSICA
Extensión 311 p. ;
Dimensiones 23 cm.
490 1# - MENCIÓN DE SERIE
Mención de serie Biblioteca de jurisprudencia, filosofía e historia
651 #4 - PUNTO DE ACCESO ADICIONAL DE MATERIA--NOMBRE GEOGRÁFICO
Nombre geográfico Alemania-
Subdivisión general Vida intelectual.
9 (RLIN) 138938
700 1# - ENTRADA AGREGADA--NOMBRE PERSONAL
Nombre de persona Terán, Luis de,
Fechas asociadas al nombre 1864-1935
9 (RLIN) 109725
830 00 - PUNTO DE ACCESO ADICIONAL DE SERIE-TÍTULO UNIFORME
Título uniforme Biblioteca de jurisprudencia, filosofía e historia
9 (RLIN) 180691
852 ## - LOCALIZACIÓN
Ubicación ES-MaACL
Número de control de estantería F-14964
Holdings
Estatus retirado Estado de pérdida Estado de daño No para préstamo Colección Biblioteca de origen Biblioteca actual Ubicación en estantería Fecha de adquisición Fuente de adquisición Total de préstamos Signatura topográfica completa Código de barras Visto por última vez Precio de reemplazo Tipo de ítem Koha
        Libros del s. XIX Biblioteca del Ateneo de Madrid Biblioteca del Ateneo de Madrid Sala Pecera Planta 2 17/01/2008     F-14964 1162337 23/02/2023 23/02/2023 Libro impreso antiguo